DISPENSING FOR PHARMACEUTICAL STUDENTS (Record no. 362283)

MARC details
000 -LEADER
fixed length control field 00414nam a2200169Ia 4500
008 - FIXED-LENGTH DATA ELEMENTS--GENERAL INFORMATION
fixed length control field 230516s1987 xx 000 0 und d
041 ## - LANGUAGE CODE
Language code of text/sound track or separate title eng
082 ## - DEWEY DECIMAL CLASSIFICATION NUMBER
Classification number 615.4
Item number CAR
100 ## - MAIN ENTRY--PERSONAL NAME
Personal name CARTER S.J.
245 ## - TITLE STATEMENT
Title DISPENSING FOR PHARMACEUTICAL STUDENTS
260 ## - PUBLICATION, DISTRIBUTION, ETC.
Place of publication, distribution, etc. NEW DELHI
Name of publisher, distributor, etc. C.B.S. PUBLISHERS & DISTRUTORS
Date of publication, distribution, etc. 1987
300 ## - PHYSICAL DESCRIPTION
Extent 759
365 ## - TRADE PRICE
Tax rate 1 13%
500 ## - GENERAL NOTE
General note PB
520 ## - SUMMARY, ETC.
Summary, etc. PH
650 ## - SUBJECT ADDED ENTRY--TOPICAL TERM
Topical term or geographic name entry element PHARMACEUTICS
Holdings
Withdrawn status Lost status Damaged status Not for loan Home library Current library Date acquired Source of acquisition Cost, normal purchase price Total Checkouts Full call number Barcode Date last seen Price effective from Koha item type
        College of Pharmacy, Navi Mumbai College of Pharmacy, Navi Mumbai 16/05/2023 SONHIRA BOOK CENTRE 135.00   615.4 CAR PCM-B-30 16/05/2023 16/05/2023 Book